000 00578nam a2200193Ia 4500
003 GCL
008 140319s9999 xx 000 0 ara d
040 _aGCL /
_cGCL
082 0 4 _a891.7
_bف ك
100 1 _aفلاديموف، جورجى
245 1 0 _aالكلاب /
_cفلاديموف، جورجى
700 1 _aعايدة شكرى
300 _a243 ص
490 _aالرواية العالمية
_v0
650 0 4 _aالقصص الروسية
650 0 4 _aالادب الروسى المترجم
650 0 4 _aالادب العالمى المترجم
942 _2ddc
_cBK
999 _c40032
_d40032